000 00943cam a2200229 i 4500
003 SA-RiAUC
005 20250929121854.0
008 250928q19001999su g 00000bara c
040 _aSA-JeALM
_bara
_cSA-RiAUC
_erda
082 0 4 _a922.58
090 _a922.58
_bس ل م
100 1 _aالسلمي، عياضة نامي،
_d1373 هجري-
_eمؤلف.
245 1 0 _aشهاب الدين القرافي :
_bحياته-وآراؤه الأصولية /
_cتأليف عياضة بن نامي السلمي.
264 1 _aالرياض :
_bمكتبة الرشيد،
_c[بين 1900 و1999]
300 _a181 صفحة ؛
_c24 سم
336 _aنص
_btxt
_2rdacontent
_3كتاب
337 _aبدون وسيط
_bn
_2rdamedia
600 1 7 _aالقرافي، أحمد بن إدريس بن عبد الرحمن،
_d626-684 هجري
_2aucnm
650 7 _aالفقهاء
_vتراجم
_2aucsh
942 _2ddc
_cBOOK
_n0
949 _aSA-JeALM
_d250928
_uosman123
_n1
999 _c12203
_d12203